Agyptische Siedlungen nach Texten des alten Reiches /

محفوظ في:

المؤلف الرئيسي: Zibelius-Chen, Karola (مؤلف)

التنسيق: كتاب

اللغة: German
Ancient Egyptian

منشور في: Wiesbaden : Reichert [in Komm.], 1978.

سلاسل: Tubinger Atlas des Vorderen Orients ; 19.
TAVO ; 19.

الموضوعات:

الوسوم: إضافة وسم

لا توجد وسوم, كن أول من يضع وسما على هذه التسجيلة!

رقم الطلب: DS41 .T25 v.19

LEADER 00883namaa2200289 4500
001 12493
003 OSt
005 20260308120812.0
008 130303s1978 gw b 001 0 ger d
020 |a 3882260122 
040 |c ARCE Library 
041 0 |a ger  |a egy  
043 |a f-ua---  
050 4 |a DS41 .T25 v.19 
100 1 |a Zibelius-Chen, Karola,  |e author  |9 42684 
245 1 0 |a Agyptische Siedlungen nach Texten des alten Reiches /  |c von Karola Zibelius. 
264 1 |a Wiesbaden :  |b Reichert [in Komm.],  |c 1978. 
300 |a xxi, 290 pages ;  |c 24 cm. 
490 0 |a Tubinger Atlas des Vorderen Orients ;   |v 19. 
490 0 |a TAVO ;   |v 19. 
504 |a Includes bibliographical references and indexes. 
650 0 |a Names, Geographical  |x Egyptian. 
650 0 |a Names, Geographical  |z Egypt. 
651 0 |a Egypt  |x Antiquities. 
901 |a reviewed 
942 |c BK  |2 lcc 
999 |c 10800  |d 10800